Geography by Pictures (Medium-Hard) - L - Statistics

General Stats
  • This quiz has been taken 91 times
  • The average score is 7 of 14
Answer Stats
Picture Hint Answer % Correct
European Country Liechtenstein
96%
Region of Finland Lapland
90%
Lake in Scotland Loch Ness
82%
River in France Loire River
75%
Region of Italy Lombardy (Lombardia)
73%
The Philippines Island Luzon Island
70%
City in Ukraine Lviv
64%
City in India Lucknow
35%
City in the U.S. Louisville
30%
Norway Archipelago Islands Lofoten Island
29%
Himalayan Mountain Lhotse Mountain
23%
Indonesian Island Lombok Island
19%
Lake in Europe Lake Lugano
13%
Landmark in South Korea Lotte World Tower
6%
No matching quizzes found
Score Distribution
Percent of People with Each Score
Percentile by Number Answered
Your Score History
You have not taken this quiz